[Event "URS Army-ch"]
[Site "Tashkent"]
[Date "1987.??.??"]
[Round "?"]
[White "Klovans, Janis"]
[Black "Ivanchuk, Vassily"]
[Result "1-0"]
[WhiteElo "2420"]
[BlackElo "2475"]

1.e4 c5 2.Nf3 d6 3.d4 cxd4 4.Nxd4 Nf6 5.Nc3 g6 6.Be3 Bg7 7.f3 Nc6 8.Qd2 O-O
9.Bc4 Bd7 10.h4 h5 11.O-O-O Ne5 12.Bb3 Rc8 13.Bg5 Rc5 14.f4 Nc4 15.Qd3 b5
16.e5 Ng4 17.exd6 Rxg5 18.hxg5 Nf2 19.Qe2 Nxd1 20.Rxd1 Nxd6 21.Qd3 Bg4 22.Rd2 Qb8
23.Qxg6 Nc4 24.Bxc4 bxc4 25.Qe4 e6 26.Nc6 Qb6 27.Ne5 Qg1+ 28.Nd1 c3 29.bxc3 Bxd1
30.Rxd1 Qc5 31.Rd7 Qxc3 32.g6 fxg6 33.Rxg7+ Kxg7 34.Qxg6+ Kh8 35.Qxh5+ Kg7
36.Qg6+ Kh8 37.Qh6+ Kg8 38.Qxe6+ Kg7 39.Qg6+ Kh8 40.Nf7+ Rxf7 41.Qxf7 Qe3+
42.Kb2 Qd4+ 43.Kb3 Qb6+ 44.Kc4 Qc6+ 45.Kd3  1-0

[Event "URS Army-ch"]
[Site "Tashkent"]
[Date "1987.??.??"]
[Round "?"]
[White "Yurtaev, Leonid"]
[Black "Ivanchuk, Vassily"]
[Result "1-0"]
[WhiteElo "2505"]
[BlackElo "2660"]

1.e4 c6 2.d4 d5 3.exd5 cxd5 4.c4 Nf6 5.Bg5 e6 6.Nf3 Be7 7.Nc3 Nc6 8.c5 O-O
9.Bb5 Ne4 10.Bxe7 Nxe7 11.Rc1 b6 12.c6 Nd6 13.O-O Nxb5 14.Nxb5 a6 15.Qa4 Nxc6
16.Rxc6 Bd7 17.Nd6 Ra7 18.Rfc1 Rc7 19.Nxf7 Rxf7 20.Rxc7 Bxa4 21.Rc8 Qxc8
22.Rxc8+ Rf8 23.Rc3 a5 24.Ne5 Rd8 25.f3 Kf8 26.Rc7 Be8 27.Kf2 Rd6 28.Ke3 h6
29.h4 Rd8 30.g4 Rd6 31.f4 Rd8 32.h5 Ra8 33.Kf3 a4 34.Ke3 Ra5 35.Kd2 Rb5 36.Kc3 Ra5
37.Rb7 Rb5 38.Ng6+ Kg8 39.Ne7+ Kf8 40.Nc8 Ra5 41.Rb8 Bf7 42.Nxb6+ Be8 43.Nd7+ Ke7
44.Kb4 Ra7 45.Ne5 Rc7 46.Rb6  1-0

[Event "URS Army-ch"]
[Site "Tashkent"]
[Date "1987.??.??"]
[Round "?"]
[White "Ivanchuk, Vassily"]
[Black "Nenashev, Alexander"]
[Result "1-0"]
[WhiteElo "2475"]
[BlackElo "2420"]

1.d4 Nf6 2.c4 e6 3.g3 Bb4+ 4.Bd2 Be7 5.Bg2 d5 6.Nf3 O-O 7.O-O c6 8.Qc2 b6
9.Bf4 Bb7 10.Nbd2 Na6 11.Rac1 Rc8 12.Rfd1 Qe8 13.e4 h6 14.e5 Nd7 15.cxd5 Nb4
16.Qa4 cxd5 17.Bf1 Nxe5 18.Qxa7 Ned3 19.Rxc8 Qxc8 20.a3 Nxb2 21.Rb1 N4d3
22.Bxd3 Nxd3 23.Rxb6 Qc1+ 24.Kg2 Bg5 25.Rb1 Qc2 26.Qxb7 Bxf4 27.gxf4 Nxf4+
28.Kh1 g5 29.Qb3 Qf5 30.Qe3 Rc8 31.Rg1 Nh3 32.Rf1 Rc2 33.a4 Nf4 34.Rg1 Nh3
35.Rf1 Nf4 36.Ra1 Kf8 37.a5 Qh3 38.Rg1 Ra2 39.Qb3 Ra1 40.Qb8+ Ke7 41.Qc7+ Ke8
42.Qxf4 gxf4 43.Rxa1  1-0

[Event "URS Army-ch"]
[Site "Tashkent"]
[Date "1987.??.??"]
[Round "?"]
[White "Ivanchuk, Vassily"]
[Black "Timoshchenko, Gennadi A"]
[Result "0-1"]
[WhiteElo "2475"]
[BlackElo "2495"]

1.e4 e5 2.Nf3 Nc6 3.d4 exd4 4.Nxd4 Bc5 5.Nxc6 Qf6 6.Qf3 bxc6 7.Nc3 Qxf3 8.gxf3 Ne7
9.Be3 Bb6 10.O-O-O d6 11.Bc4 Be6 12.Bb3 Bxb3 13.axb3 f5 14.Rhe1 fxe4 15.Nxe4 O-O
16.Bxb6 axb6 17.Nxd6 Ng6  0-1

[Event "URS Army-ch"]
[Site "Tashkent"]
[Date "1987.??.??"]
[Round "?"]
[White "Ivanchuk, Vassily"]
[Black "Shabalov, Alexander"]
[Result "1/2-1/2"]
[WhiteElo "2475"]
[BlackElo "2375"]

1.d4 Nf6 2.Nf3 b5 3.Bg5 Bb7 4.Nbd2 a6 5.c3 h6 6.Bxf6 exf6 7.e4 g6 8.a4 b4
9.Bc4 Be7 10.O-O O-O 11.Nh4 Kh7 12.Qg4 d5 13.exd5 f5 14.Nxf5 gxf5 15.Bd3 Bc8
16.Bxf5+ Bxf5 17.Qxf5+ Kg7 18.Nc4 Nd7 19.Rae1 Nf6 20.Na5 Bd6 21.c4 Qc8 22.Qf3 Qg4
23.Qxg4+ Nxg4 24.g3 Rfe8 25.b3 Nf6 26.f3 h5 27.Nc6 h4 28.Kg2 Kh7 29.Ne5 Bxe5
30.dxe5 Nd7 31.f4 hxg3 32.hxg3 Nc5 33.Re3 f6  1/2-1/2

[Event "URS Army-ch"]
[Site "Tashkent"]
[Date "1987.??.??"]
[Round "?"]
[White "Ivanchuk, Vassily"]
[Black "Legky, Nikolay A"]
[Result "1-0"]
[WhiteElo "2475"]
[BlackElo "2350"]

1.d4 f5 2.g3 Nf6 3.Bg2 g6 4.Nf3 Bg7 5.O-O O-O 6.c4 d6 7.Nc3 Qe8 8.d5 Na6
9.Rb1 c5 10.b3 Nc7 11.Bb2 b5 12.Nxb5 Nxb5 13.cxb5 Qxb5 14.Nd2 Nd7 15.Bxg7 Kxg7
16.Re1 Qb4 17.e4 f4 18.Nc4 Nb6 19.Qc1 Rb8 20.a3 Qb5 21.Qc3+ Kg8 22.Na5 c4
23.Nc6 Rb7 24.a4 Nxa4 25.bxa4 Qxb1 26.Nxe7+ Kf7 27.Nxc8 Qxe1+ 28.Qxe1 Rxc8
29.Bh3 Rcc7 30.Be6+ Kg7 31.Qc3+ Kh6 32.Qf6 c3 33.Qf8+ Kh5 34.g4+ Kg5 35.h4+  1-0

[Event "Wch U20"]
[Site "Adelaide"]
[Date "1988.??.??"]
[Round "3"]
[White "Ivanchuk, Vassily"]
[Black "Adams, Michael"]
[Result "1/2-1/2"]
[WhiteElo "2625"]
[BlackElo "2460"]

1.e4 c6 2.d4 d5 3.e5 Bf5 4.Nc3 Qb6 5.h4 h5 6.Nge2 e6 7.Nf4 c5 8.Bb5+ Nc6
9.Be3 O-O-O 10.Bxc6 Qxc6 11.Nxh5 Qb6 12.Ng3 Qxb2 13.Nce2 Bxc2 14.Qc1 Qxc1+
15.Rxc1 Bd3 16.dxc5 Ne7 17.Nd4 Ng6 18.Bg5 Re8 19.f4 Be7 20.Bxe7 Rxe7 21.Kd2 Bc4
22.f5 Nxe5 23.fxe6 fxe6 24.Rce1 Ng6 25.h5 Nf4 26.Ngf5 Rc7 27.Nxe6 Nxe6 28.Rxe6 Rxc5
29.Re7 Kb8 30.Rxg7 d4 31.Nd6 Bd5 32.h6 Rc6 33.Nf5 Be4 34.Nxd4 Rcxh6 35.Rxh6 Rxh6
36.Nb5  1/2-1/2

[Event "Wch U20"]
[Site "Adelaide"]
[Date "1988.??.??"]
[Round "6"]
[White "Hellers, Ferdinand"]
[Black "Ivanchuk, Vassily"]
[Result "1-0"]
[WhiteElo "2490"]
[BlackElo "2625"]

1.e4 c5 2.Nf3 d6 3.d4 cxd4 4.Nxd4 Nf6 5.Nc3 Nc6 6.Bg5 e6 7.Qd2 a6 8.O-O-O h6
9.Be3 Be7 10.f4 Nxd4 11.Qxd4 Qa5 12.Be2 e5 13.Qd3 Be6 14.Kb1 exf4 15.Bxf4 O-O
16.Rhf1 Rfc8 17.Nd5 Bxd5 18.exd5 Rc5 19.Bd2 Qc7 20.Rf5 Rc8 21.c3 Qa5 22.Be3 g6
23.Bxc5 Rxc5 24.Rff1 Rxd5 25.Qf3 Re5 26.Bc4 b5 27.Bb3 Qb6 28.Rd4 Kg7 29.g4 a5
30.a3 g5 31.h3 Qc5 32.h4 gxh4 33.Rf4 Re3 34.Qf2 Qe5 35.Rf5 Re2 36.Qxh4 Qe4+
37.Ka1 Qxg4 38.Qxg4+ Nxg4 39.Rg1 h5 40.Rxh5 Kg6 41.Rxb5 f5 42.Bd1  1-0

[Event "Wch U20"]
[Site "Adelaide"]
[Date "1988.??.??"]
[Round "7"]
[White "Ivanchuk, Vassily"]
[Black "Gdanski, Jacek"]
[Result "1/2-1/2"]
[WhiteElo "2625"]
[BlackElo "2395"]

1.e4 e6 2.d4 d5 3.Nd2 Nf6 4.e5 Nfd7 5.c3 c5 6.Bd3 Nc6 7.Ne2 cxd4 8.cxd4 f6
9.exf6 Nxf6 10.Nf3 Qc7 11.O-O Bd6 12.Nc3 a6 13.Bg5 O-O 14.Bh4 Nh5 15.Re1 g6
16.Bg5 Qg7 17.Be3 Bd7 18.Bf1 h6 19.g3 Rf7 20.Bg2 Raf8 21.Rc1 Nf6 22.Na4 Ne4
23.Nb6 Be8 24.a3 g5 25.Rf1 Bc7 26.Na4 b5 27.Nc3 Nxc3 28.Rxc3 Bb6 29.Ne5 Nxe5
30.dxe5 Bxe3 31.Rxe3 Rc7 32.Bh3 Rc6 33.Rc3 Rxc3 34.Bxe6+ Bf7 35.Bxf7+ Rxf7
36.e6 Rc4 37.exf7+ Qxf7 38.Re1 Re4 39.Rxe4 dxe4 40.Qd6 Kg7 41.Qxa6 Qd7 42.Kg2 e3
43.fxe3 Qd5+ 44.Kf2 Qf5+ 45.Ke1 Qb1+ 46.Kd2 Qxb2+ 47.Kd3 Qb3+ 48.Kd4 Qc4+
49.Ke5 Qc5+ 50.Ke6 Qxe3+ 51.Kd5 Qd2+ 52.Kc5 Qxh2 53.Qb7+ Kg6 54.Qe4+ Kf6
55.Qd4+ Kg6 56.Qd6+ Kf7 57.Kxb5  1/2-1/2

[Event "Debrecen"]
[Site "Debrecen"]
[Date "1988.??.??"]
[Round "?"]
[White "Ivanchuk, Vassily"]
[Black "Horvath, Jozsef"]
[Result "1/2-1/2"]
[WhiteElo "2535"]
[BlackElo "2480"]

1.c4 c5 2.Nf3 Nf6 3.Nc3 Nc6 4.e3 e6 5.d4 d5 6.cxd5 exd5 7.Be2 cxd4 8.Nxd4 Bd6
9.O-O O-O 10.Bf3 Be5 11.Nce2 Qd6 12.h3 Ne4 13.Nxc6  1/2-1/2

[Event "Debrecen"]
[Site "Debrecen"]
[Date "1988.??.??"]
[Round "?"]
[White "Ivanchuk, Vassily"]
[Black "Szalanczy, Emil"]
[Result "1/2-1/2"]
[WhiteElo "2535"]
[BlackElo "2420"]

1.d4 Nf6 2.Nf3 c5 3.e3 b6 4.c4 g6 5.Nc3 Bg7 6.Be2 O-O 7.O-O d6 8.b3 Bb7 9.Bb2 Ne4
10.Qc2 Nxc3 11.Bxc3 Nd7 12.Rfd1 cxd4 13.Nxd4 Qc7 14.Rac1 Rac8 15.Qb2 Nf6
16.h3  1/2-1/2

[Event "Debrecen"]
[Site "Debrecen"]
[Date "1988.??.??"]
[Round "?"]
[White "Horvath, Csaba"]
[Black "Ivanchuk, Vassily"]
[Result "1/2-1/2"]
[WhiteElo "2445"]
[BlackElo "2535"]

1.Nf3 Nf6 2.g3 d5 3.Bg2 c6 4.O-O Bf5 5.d3 e6 6.c4 h6 7.cxd5 exd5 8.Qb3 Qb6
9.Nc3 Qxb3 10.axb3 Nbd7 11.e4 dxe4 12.dxe4 Be6 13.Nd4 Bc5 14.Nce2 Bb6 15.Nxe6 fxe6
16.Nf4 g5 17.Nd3 O-O-O 18.b4 Rhf8 19.Bd2 Bd4 20.Bc3 Bxc3  1/2-1/2

[Event "Frunze"]
[Site "Frunze"]
[Date "1988.??.??"]
[Round "?"]
[White "Klovans, Janis"]
[Black "Ivanchuk, Vassily"]
[Result "0-1"]
[WhiteElo "2400"]
[BlackElo "2625"]

1.e4 c5 2.Nf3 Nc6 3.d4 cxd4 4.Nxd4 Nf6 5.Nc3 e5 6.Ndb5 d6 7.Bg5 a6 8.Na3 b5
9.Bxf6 gxf6 10.Nd5 Bg7 11.Bd3 Ne7 12.Nxe7 Qxe7 13.c4 f5 14.O-O O-O 15.Re1 fxe4
16.Bxe4 Rb8 17.cxb5 axb5 18.Qb3 Be6 19.Bd5 Rfc8 20.Rad1 Bf5 21.Be4 Bxe4 22.Rxe4 Qe6
23.g3 Qxb3 24.axb3 f5 25.Re2 Rb6 26.Rd5 Rc5 27.Red2 e4 28.b4 Rxd5 29.Rxd5 Bxb2
30.Nxb5 Be5 31.Nd4 Bxd4 32.Rxd4 Kf7 33.g4 Ke6 34.gxf5+ Ke5 35.Rc4 d5 36.Rc7 h6
37.Rd7 d4 38.Kf1 Rxb4 39.Ke1 d3 40.Rh7 Rb6 41.Re7+ Kf4 42.Rg7 Rb1+ 43.Kd2 Rf1
44.f6 Rxf2+ 45.Kc3 Rc2+ 46.Kb4 Rc8 47.f7 d2  0-1

[Event "Frunze"]
[Site "Frunze"]
[Date "1988.??.??"]
[Round "?"]
[White "Kharitonov, Andrei Y"]
[Black "Ivanchuk, Vassily"]
[Result "1-0"]
[WhiteElo "2550"]
[BlackElo "2625"]

1.Nf3 Nf6 2.g3 g6 3.Bg2 Bg7 4.c4 c6 5.d4 d5 6.cxd5 cxd5 7.Nc3 O-O 8.Ne5 e6
9.Bg5 Qb6 10.Qd2 Nc6 11.Nxc6 bxc6 12.O-O Nd7 13.Rfd1 Rb8 14.b3 f6 15.Bh6 Bxh6
16.Qxh6 c5 17.Na4 Qd6 18.dxc5 Nxc5 19.Nxc5 Qxc5 20.Rac1 Qd6 21.Qd2 f5 22.Qd4 Rf7
23.e3 Ba6 24.Rc5 Rc8 25.Rdc1 Rfc7 26.Rxc7 Rxc7 27.Rxc7 Qxc7 28.h4 Be2 29.Qb2 Bd3
30.Qf6 Qc6 31.Kh2 a6 32.Bf3 Be4 33.Bxe4 fxe4 34.Qe7 h5 35.Kg2 Qc8 36.b4 Qc6
37.a3 Qc8 38.a4 Qc6 39.Qf6 Kh7 40.Qf7+ Kh6 41.Qg8 Qc3 42.b5 Qf6 43.Kg1 axb5
44.axb5 d4 45.exd4 Qxd4 46.Qxe6 Qd1+ 47.Kh2 Qf3 48.Qb6  1-0

[Event "Frunze"]
[Site "Frunze"]
[Date "1988.??.??"]
[Round "?"]
[White "Ivanchuk, Vassily"]
[Black "Yermolinsky, Alex"]
[Result "0-1"]
[WhiteElo "2625"]
[BlackElo "2460"]

1.d4 Nf6 2.c4 g6 3.Nc3 Bg7 4.e4 d6 5.Be2 O-O 6.Nf3 e5 7.Be3 Ng4 8.Bg5 f6
9.Bh4 Nc6 10.d5 Ne7 11.Nd2 Nh6 12.g4 c6 13.f3 Nf7 14.Qc2 a6 15.a4 Qc7 16.a5 f5
17.Bf2 Bh6 18.Bb6 Qb8 19.Rg1 fxg4 20.fxg4 Bf4 21.h4 Bd7 22.b4 c5 23.bxc5 Nc8
24.O-O-O Nxb6 25.cxb6 Qc8 26.Kb2 Nh6 27.g5 Ng4 28.Bxg4 Bxg4 29.Rde1 Bd7 30.Ncb1 Rf7
31.Rh1 Bg3 32.Ref1 Rxf1 33.Nxf1 Bf4 34.Nbd2 Bg4 35.Nb3 Bf3 36.Rg1 Qh3 37.c5 dxc5
38.Nxc5 Rc8 39.d6 Bxe4 40.Qc4+ Kh8 41.Qb3 Bc1+  0-1

[Event "Frunze"]
[Site "Frunze"]
[Date "1988.??.??"]
[Round "?"]
[White "Ivanchuk, Vassily"]
[Black "Kruppa, Yuri"]
[Result "1-0"]
[WhiteElo "2625"]
[BlackElo "2435"]

1.e4 e5 2.Nf3 Nc6 3.Bb5 a6 4.Ba4 Nf6 5.O-O Be7 6.Re1 b5 7.Bb3 d6 8.c3 O-O
9.h3 Re8 10.d4 Bb7 11.Nbd2 Bf8 12.a4 h6 13.Bc2 exd4 14.cxd4 Nb4 15.Bb1 c5
16.d5 Nd7 17.Ra3 c4 18.axb5 axb5 19.Nd4 Rxa3 20.bxa3 Nd3 21.Bxd3 cxd3 22.Re3 Ne5
23.N4f3 Nc4 24.Rxd3 Qd7 25.Nxc4 bxc4 26.Re3 f5 27.Nd2 Rc8 28.Bb2 Qb5 29.Qa1 fxe4
30.Rg3 Rc7 31.Nxe4 Bxd5 32.Nf6+ Kh8 33.Qb1 Be4 34.Qxe4  1-0

[Event "Frunze"]
[Site "Frunze"]
[Date "1988.??.??"]
[Round "?"]
[White "Aseev, Konstantin N"]
[Black "Ivanchuk, Vassily"]
[Result "1/2-1/2"]
[WhiteElo "2445"]
[BlackElo "2625"]

1.e4 e5 2.Nf3 Nc6 3.Bb5 a6 4.Ba4 Nf6 5.O-O Nxe4 6.d4 b5 7.Bb3 d5 8.dxe5 Be6
9.c3 Bc5 10.Nbd2 O-O 11.Bc2 Nxf2 12.Rxf2 f6 13.exf6 Bxf2+ 14.Kxf2 Qxf6 15.Kg1 Rae8
16.Nf1 Ne5 17.Be3 Nxf3+ 18.Qxf3 Qxf3 19.gxf3 Rxf3 20.Bf2 Bf5 21.Bd1 Rd3 22.Bc2 Rf3
23.Bb3 c6 24.Re1 Rxe1 25.Bxe1 Bd3 26.Bf2 Bc4 27.Bd1 Rh3 28.Ng3 Bxa2 29.Bd4 Rh6
30.b4 Bb1 31.Bg4 Rg6 32.h3 Rh6 33.Kf2 Kf7 34.Ke3 g5  1/2-1/2

[Event "Lvov"]
[Site "Lvov"]
[Date "1988.??.??"]
[Round "?"]
[White "Ivanchuk, Vassily"]
[Black "Huzman, Alexander"]
[Result "1/2-1/2"]
[WhiteElo "2535"]
[BlackElo "2490"]

1.d4 Nf6 2.c4 e6 3.Nf3 d5 4.Nc3 Be7 5.Bg5 h6 6.Bh4 O-O 7.Rc1 dxc4 8.e3 c5
9.Bxc4 cxd4 10.Nxd4 Bd7 11.O-O Nc6 12.Nb3 a6 13.Be2 Nd5 14.Bg3 Nxc3 15.Rxc3 Nb4
16.Qb1 Qb6 17.Rcc1 Nd5 18.e4 Nf6 19.Bf4 Rac8 20.Be3  1/2-1/2

[Event "Lvov"]
[Site "Lvov"]
[Date "1988.??.??"]
[Round "?"]
[White "Novikov, Igor A"]
[Black "Ivanchuk, Vassily"]
[Result "1/2-1/2"]
[WhiteElo "2485"]
[BlackElo "2535"]

1.d4 d5 2.c4 e6 3.Nc3 c5 4.cxd5 exd5 5.Nf3 Nc6 6.g3 Nf6 7.Bg2 Be7 8.O-O O-O
9.Bg5 cxd4 10.Nxd4 h6 11.Be3 Re8 12.Rc1 Bf8 13.Nxc6 bxc6 14.Na4 Re6 15.Nc5 Bxc5
16.Rxc5 Qe8 17.Qd3 a5 18.Rfc1 Ba6 19.Qc3 Bb5 20.Bd4 a4 21.Bxf6 Rxf6 22.e3 Rb8
23.Qd4 Re6 24.b3 axb3 25.axb3 Ra8 26.Qc3 Re7 27.Bf1 Bxf1 28.Kxf1 Rb7 29.Rxc6 Rxb3
30.Rc8 Rxc8 31.Qxc8 Qxc8 32.Rxc8+ Kh7 33.Rc5 Rb1+ 34.Ke2 Rb2+ 35.Ke1 Rb1+
36.Kd2 g5 37.Rxd5 Rh1 38.Ke2 Rxh2 39.Rd1 h5 40.e4 h4 41.Kf3 hxg3  1/2-1/2

[Event "New York op"]
[Site "New York"]
[Date "1988.??.??"]
[Round "?"]
[White "Ivanchuk, Vassily"]
[Black "Gulko, Boris F"]
[Result "1-0"]
[WhiteElo "2535"]
[BlackElo "2595"]

1.d4 Nf6 2.c4 e6 3.g3 Bb4+ 4.Bd2 c5 5.Bg2 O-O 6.Nf3 d5 7.Bxb4 cxb4 8.Nbd2 Nc6
9.O-O b6 10.Rc1 Bb7 11.e3 Qd6 12.Qa4 Rfc8 13.Rc2 Rc7 14.Rfc1 Rac8 15.cxd5 exd5
16.Bh3 Nd7 17.Ne5 b5 18.Qxb5 Nxd4 19.exd4 Rxc2 20.Rxc2 Rxc2 21.Qxb7 Nxe5
22.dxe5 Qd8 23.e6 fxe6 24.Bxe6+ Kh8 25.Nf3 Rxb2 26.Ne5 Qf8 27.Qxa7 Re2 28.Nf7+ Kg8
29.Bxd5 Re7 30.Qd4 Qb8 31.Nd6+  1-0

[Event "New York op"]
[Site "New York"]
[Date "1988.??.??"]
[Round "?"]
[White "Chernin, Alexander"]
[Black "Ivanchuk, Vassily"]
[Result "1/2-1/2"]
[WhiteElo "2560"]
[BlackElo "2535"]

1.c4 e6 2.d4 Nf6 3.Nf3 b6 4.g3 Bb7 5.Bg2 Be7 6.O-O O-O 7.Nc3 Ne4 8.Qc2 Nxc3
9.Qxc3 d6 10.b3 Bf6 11.Bb2 c5 12.Qd2 Nd7 13.Rac1 Qc7 14.Rfd1 Rfd8 15.e3 Rac8
16.Qe2 Be4 17.Ne1 Bxg2 18.Nxg2  1/2-1/2

[Event "Thessaloniki ol (Men)"]
[Site "Thessaloniki"]
[Date "1988.??.??"]
[Round "6"]
[White "Chandler, Murray G"]
[Black "Ivanchuk, Vassily"]
[Result "1/2-1/2"]
[WhiteElo "2610"]
[BlackElo "2625"]

1.e4 e5 2.Nf3 Nc6 3.Bb5 a6 4.Bxc6 dxc6 5.O-O f6 6.d4 exd4 7.Nxd4 c5 8.Nb3 Qxd1
9.Rxd1 Bg4 10.f3 Be6 11.Be3 b6 12.a4 Ne7 13.Bf4 c4 14.Nd4 O-O-O 15.Nc3 Rxd4
16.Rxd4 Ng6 17.Be3 Bc5 18.Bf2 Bxd4 19.Bxd4 Ne7 20.Ne2 Rd8 21.g4 c5 22.Be3 Nc6
23.a5 Nxa5 24.Bxc5 Nb7  1/2-1/2

[Event "Biel"]
[Site "Biel"]
[Date "1989.??.??"]
[Round "?"]
[White "Ivanchuk, Vassily"]
[Black "Sokolov, Ivan"]
[Result "1/2-1/2"]
[WhiteElo "2660"]
[BlackElo "2525"]

1.e4 e5 2.Nf3 Nc6 3.Bb5 a6 4.Ba4 Nf6 5.O-O Be7 6.Re1 b5 7.Bb3 O-O 8.c3 d5
9.exd5 Nxd5 10.Nxe5 Nxe5 11.Rxe5 c6 12.d4 Bd6 13.Re1 Qh4 14.g3 Qh3 15.Be3 Bg4
16.Qd3 Rae8 17.Nd2 Re6 18.a4 Qh5 19.axb5 axb5 20.Nf1 Bf5 21.Qd2 Rfe8 22.Bxd5 cxd5
23.Bf4 Rxe1 24.Rxe1 Rxe1 25.Qxe1 Be4 26.Nd2 Bxf4 27.Nxe4 dxe4 28.gxf4 Qg4+
29.Kf1  1/2-1/2

[Event "Biel"]
[Site "Biel"]
[Date "1989.??.??"]
[Round "?"]
[White "Ivanchuk, Vassily"]
[Black "Torre, Eugenio"]
[Result "1-0"]
[WhiteElo "2660"]
[BlackElo "2560"]

1.d4 d6 2.e4 Nf6 3.Nc3 g6 4.Nf3 Bg7 5.Be2 O-O 6.O-O c5 7.d5 Na6 8.Bf4 Nc7
9.a4 a6 10.h3 b6 11.Re1 Bb7 12.Bc4 Qd7 13.Qd3 Rad8 14.Rad1 Qc8 15.Qe3 Rfe8
16.Bh6 Bh8 17.Ng5 Nd7 18.f4 Bg7 19.Bxg7 Kxg7 20.e5 b5 21.axb5 Nb6 22.bxa6 Nxc4
23.axb7 Qxb7 24.Qe4 Nxb2 25.Rb1 Qb4 26.Qxb4 cxb4 27.Nce4 Nc4 28.Rxb4 Na3
29.Ra4 Ra8 30.Rxa8 Rxa8 31.exd6 Nxd5 32.Rd1 Nb6 33.dxe7 Re8 34.f5 f6 35.Ne6+  1-0

[Event "Biel"]
[Site "Biel"]
[Date "1989.??.??"]
[Round "?"]
[White "Sokolov, Ivan"]
[Black "Ivanchuk, Vassily"]
[Result "1/2-1/2"]
[WhiteElo "2525"]
[BlackElo "2660"]

1.d4 Nf6 2.Nf3 e6 3.Bg5 c5 4.e3 d5 5.Nbd2 Be7 6.c3 Nbd7 7.Bd3 b6 8.O-O Bb7
9.Ne5 Nxe5 10.dxe5 Nd7 11.Bxe7 Qxe7 12.f4 f6 13.Qh5+ Qf7 14.Qe2 O-O 15.exf6 Nxf6
16.Nf3 Qh5 17.Qe1 Ng4 18.h3 Nf6 19.Ne5 a6 20.g4 Qe8 21.g5 Nd7 22.Qh4 g6 23.Ng4 Qe7
24.Qg3 Rae8 25.h4 Kh8 26.Qh2 e5 27.fxe5 Rxf1+ 28.Rxf1 Nxe5 29.Nxe5 Qxe5 30.Rf8+ Kg7
31.Rxe8 Qxe8 32.Qc7+ Kg8 33.e4 Bc6 34.Qxb6 Qe5 35.Qxc6  1/2-1/2

[Event "Biel"]
[Site "Biel"]
[Date "1989.??.??"]
[Round "?"]
[White "Torre, Eugenio"]
[Black "Ivanchuk, Vassily"]
[Result "1/2-1/2"]
[WhiteElo "2560"]
[BlackElo "2660"]

1.e4 e5 2.Nf3 Nc6 3.Bc4 Nf6 4.d3 Be7 5.O-O O-O 6.Bb3 d6 7.c3 d5 8.Nbd2 dxe4
9.dxe4 a6 10.Qe2 Bg4 11.h3 Bh5 12.Rd1 Qc8 13.Nf1 Bg6 14.Ng3 Nh5 15.Nxh5 Bxh5
16.Bd5 Qe8 17.Re1 Bd6 18.Bxc6 Qxc6 19.Nxe5 Bxe2 20.Nxc6 Bd3 21.e5 Bc5 22.Be3 Ba3
23.Nb4 Bxb4 24.cxb4 Rad8 25.Rac1 Rd7 26.Red1 h6 27.Rc3 Rfd8 28.Rdc1 c6 29.Bb6 Re8
30.Rd1 Bf5 31.Rxd7 Bxd7 32.Bc7 f6 33.f4 f5 34.a4 Kf7 35.Bd6 g5 36.Kf2 Be6
37.b5 axb5 38.axb5 Bd5 39.bxc6 Bxc6 40.fxg5 hxg5  1/2-1/2

[Event "URS-chTJ"]
[Site "Kramatorsk"]
[Date "1989.??.??"]
[Round "?"]
[White "Ivanchuk, Vassily"]
[Black "Komarov, Dimitri"]
[Result "1/2-1/2"]
[WhiteElo "2660"]
[BlackElo "2390"]

1.e4 e6 2.d4 d5 3.Nd2 Nf6 4.e5 Nfd7 5.c3 c5 6.Bd3 Nc6 7.Ne2 cxd4 8.cxd4 f6
9.exf6 Nxf6 10.Nf3 Bd6 11.O-O Qc7 12.Nc3 a6 13.Bg5 O-O 14.Bh4 Nh5 15.Re1 g6
16.Bg5 Qg7 17.Be3 Bd7 18.Bf1 Rf7 19.g3 Raf8 20.Bg2 h6 21.Qe2 Nf6 22.Rad1 g5
23.Rf1  1/2-1/2

[Event "URS-chTJ"]
[Site "Kramatorsk"]
[Date "1989.??.??"]
[Round "?"]
[White "Gelfand, Boris"]
[Black "Ivanchuk, Vassily"]
[Result "1-0"]
[WhiteElo "2590"]
[BlackElo "2660"]

1.d4 Nf6 2.c4 g6 3.Nc3 Bg7 4.e4 d6 5.Be2 O-O 6.Nf3 Nbd7 7.O-O e5 8.Be3 c6
9.d5 c5 10.Ne1 Ne8 11.g4 Qh4 12.Kh1 Kh8 13.Rg1 Qe7 14.a3 Ndf6 15.b4 b6 16.Nd3 Ng8
17.a4 f5 18.g5 Qf7 19.a5 Rb8 20.f3 h6 21.axb6 axb6 22.h4 f4 23.Bf2 hxg5 24.hxg5 Bf6
25.Rg2 Bd8 26.Nb5 Ne7 27.Rh2+ Kg8 28.Bf1 Qg7 29.Na7 Bd7 30.bxc5 bxc5 31.Bxc5 dxc5
32.Nxc5 Nc8 33.Nxd7 Qxd7 34.Bh3 Qc7 35.Be6+ Kg7 36.Nxc8 Rxc8 37.Qg1  1-0

[Event "EUCup Moscow-ZSKA"]
[Site "Moscow"]
[Date "1989.??.??"]
[Round "?"]
[White "Psakhis, Lev"]
[Black "Ivanchuk, Vassily"]
[Result "1/2-1/2"]
[WhiteElo "2585"]
[BlackElo "2635"]

1.e4 g6 2.d4 Bg7 3.Nf3 d6 4.Be2 Nf6 5.Nc3 O-O 6.O-O Bg4 7.a4 a5 8.Be3 Nfd7
9.h3 Bxf3 10.Bxf3 e5 11.dxe5 Bxe5 12.Qd2 Na6 13.g3 Nac5 14.Bg2 Nb6 15.Bh6 Nc4
16.Qc1 Re8 17.Nd1 Nb6 18.Ra2 Bh8 19.f3 d5 20.Nf2 dxe4 21.fxe4 Ncxa4 22.Ng4 Re6
23.Qf4 Qe8 24.e5 Nc5 25.Bg5 Bg7  1/2-1/2

[Event "Yerevan"]
[Site "Yerevan"]
[Date "1989.??.??"]
[Round "?"]
[White "Romanishin, Oleg M"]
[Black "Ivanchuk, Vassily"]
[Result "1-0"]
[WhiteElo "2555"]
[BlackElo "2635"]

1.d4 Nf6 2.c4 e6 3.Nc3 Bb4 4.g3 O-O 5.Bg2 d5 6.Qb3 Nc6 7.Nf3 Ne4 8.Qc2 Nd6
9.cxd5 exd5 10.O-O Bf5 11.Qb3 Bxc3 12.Qxc3 Re8 13.Re1 Be4 14.Rd1 f6 15.Bf4 Nf5
16.Rac1 g5 17.Bd2 Nd6 18.Be1 Qd7 19.Bf1 Bf5 20.Qb3 Ne7 21.Bb4 c6 22.Ne1 a5
23.Bc5 b6 24.Ba3 Rab8 25.Ng2 Bh3 26.Qf3 Ne4 27.Ne3 Be6 28.Bg2 Kg7 29.Bxe7 Rxe7
30.Rc2 h6 31.Rdc1 Rc8 32.g4 Nd6 33.Qg3 Kg8 34.h4 Bf7 35.Rc3 Ne4 36.Bxe4 Rxe4
37.f3 Re6 38.Nf5 Rxe2 39.Nxh6+ Kg7 40.Nf5+ Kg6 41.hxg5 Be6 42.Rxc6  1-0

[Event "Yerevan"]
[Site "Yerevan"]
[Date "1989.??.??"]
[Round "?"]
[White "Petrosian, Arshak B"]
[Black "Ivanchuk, Vassily"]
[Result "1/2-1/2"]
[WhiteElo "2475"]
[BlackElo "2635"]

1.d4 d5 2.c4 c6 3.e3 Nf6 4.Nf3 e6 5.Bd3 dxc4 6.Bxc4 c5 7.O-O a6 8.Bb3 Nbd7
9.Qe2 b5 10.a4 b4 11.e4 cxd4 12.Nxd4 Qc7 13.Be3 Bc5 14.Nd2 Qa7 15.Nc6 Qc7  1/2-1/2

[Event "Yerevan"]
[Site "Yerevan"]
[Date "1989.??.??"]
[Round "?"]
[White "Ivanchuk, Vassily"]
[Black "Lputian, Smbat G"]
[Result "1/2-1/2"]
[WhiteElo "2635"]
[BlackElo "2610"]

1.e4 e6 2.d4 d5 3.Nd2 c5 4.exd5 exd5 5.Bb5+ Nc6 6.Ngf3 Bd6 7.dxc5 Bxc5 8.O-O Ne7
9.Nb3 Bd6 10.h3 O-O 11.c3 Bc7 12.Be3 Nf5 13.Bc5 Re8 14.Re1 Rxe1+ 15.Qxe1 a5
16.Bf1 b6 17.Bd4  1/2-1/2

[Event "Novi Sad ol (Men)"]
[Site "Novi Sad"]
[Date "1990.??.??"]
[Round "8"]
[White "Ftacnik, Lubomir"]
[Black "Ivanchuk, Vassily"]
[Result "1/2-1/2"]
[WhiteElo "2550"]
[BlackElo "2680"]

1.d4 Nf6 2.Nf3 e6 3.c4 b6 4.g3 Ba6 5.Nbd2 Bb7 6.Bg2 Be7 7.O-O O-O 8.b3 c5
9.Bb2 d6 10.Qc2 cxd4 11.Nxd4 Bxg2 12.Kxg2 Qc7 13.Qd3 Nbd7 14.f4 Rfe8 15.Qf3 d5
16.Rac1 Qb7 17.cxd5 exd5 18.Rc2 Rac8 19.Rxc8 Rxc8 20.Rc1 Re8 21.Nb5 a6 22.Nd4 Bf8
23.Rd1 Nc5 24.Nf5 Nfe4  1/2-1/2

[Event "Tilburg"]
[Site "Tilburg"]
[Date "1990.??.??"]
[Round "5"]
[White "Ivanchuk, Vassily"]
[Black "Gelfand, Boris"]
[Result "1/2-1/2"]
[WhiteElo "2680"]
[BlackElo "2680"]

1.d4 Nf6 2.c4 g6 3.g3 Bg7 4.Bg2 d5 5.cxd5 Nxd5 6.Nf3 O-O 7.O-O Nb6 8.Nc3 Nc6
9.d5 Na5 10.e4 c6 11.Bg5 cxd5 12.Nxd5 Nxd5 13.exd5 Bxb2 14.Re1 Bf6 15.Bxf6 exf6
16.Rc1 Qd6 17.Nd2 f5 18.Qa4 b6 19.Nc4 Nxc4 20.Qxc4 Bd7 21.Qc7 Qxc7 22.Rxc7 Rfe8
23.Rxe8+ Bxe8 24.f4 Rd8 25.Rxa7 f6 26.Ra3 Bf7 27.Rb3 Kf8 28.a3 Ke7 29.Rxb6 Bxd5
30.Bxd5 Rxd5 31.Rb7+ Ke6 32.Rxh7 Ra5 33.Rg7 g5 34.fxg5 fxg5 35.Rxg5 Rxa3
36.Kg2 Ra2+ 37.Kh3 Kf6 38.Rh5 Kg6 39.Rh4 Rb2 40.Rc4 Ra2 41.Rc1 Kg5 42.Rg1 Rb2
43.Rg2 Rxg2 44.Kxg2 f4  1/2-1/2

[Event "KRO m"]
[Site "Hilversum"]
[Date "1991.??.??"]
[Round "3"]
[White "Timman, Jan H"]
[Black "Ivanchuk, Vassily"]
[Result "1/2-1/2"]
[WhiteElo "2630"]
[BlackElo "2735"]

1.d4 d5 2.c4 e6 3.Nc3 Be7 4.Nf3 Nf6 5.Bg5 h6 6.Bh4 O-O 7.e3 b6 8.Be2 Bb7
9.Bxf6 Bxf6 10.cxd5 exd5 11.O-O Qe7 12.Qb3 Rd8 13.Rad1 c5 14.dxc5 Bxc3 15.Qxc3 bxc5
16.Rd2 Nd7 17.Rc1 a5 18.Qa3 Qe4 19.Bb5 d4 20.exd4 Ne5 21.Ne1 cxd4 22.Qg3 Qf5
23.Bf1 Ba6 24.Nd3 Bxd3 25.Bxd3 Rac8 26.Rcd1 Nxd3 27.Qxd3 Qxd3 28.Rxd3 Rc2
29.R3d2 Rdc8 30.f3 d3 31.Kf2 Rb8 32.b3 a4 33.bxa4  1/2-1/2